[Event "EU-chT Seniors 65"]
[Site "Dresden"]
[Date "2022.10.30"]
[Round "4.2"]
[White "Brock, Friedemann"]
[Black "Rorvall, Goran"]
[Result "0-1"]
[WhiteElo "2224"]
[BlackElo "2159"]
[PlyCount "70"]
[EventDate "2022.10.27"]
[EventType "team-swiss"]
[EventRounds "9"]
[EventCountry "GER"]
[SourceTitle "EXT 2024"]
[Source "ChessBase"]
[SourceDate "2023.10.10"]
[SourceVersion "1"]
[SourceVersionDate "2023.10.10"]
[SourceQuality "1"]
[WhiteTeam "Leipzig Schachfreunde 65"]
[BlackTeam "Sweden 65"]
[WhiteTeamCountry "GER"]
[BlackTeamCountry "SWE"]

1. d4 Nf6 2. c4 e6 3. Nf3 c5 4. Nc3 d5 5. cxd5 exd5 6. Bg5 cxd4 7. Bxf6 Qxf6 8. Nxd5 Qd8 9. Qxd4 Nc6 10. Qd3 Be6 11. e4 Qa5+ 12. Nc3 Bb4 13. Be2 0-0 14. 0-0 Rfd8 15. Qc2 Nd4 16. Nxd4 Rxd4 17. Rfd1 Rad8 18. Rxd4 Rxd4 19. a3 Bxc3 20. bxc3 Rd8 21. Qb2 b6 22. Qb4 Qg5 23. g3 Rd2 24. Bf3 h5 25. c4 h4 26. c5 bxc5 27. Qc3 c4 28. Rd1 Rxd1+ 29. Bxd1 Qd8 30. Be2 h3 31. e5 Qb6 32. Qb4 Qc6 33. f3 c3 34. Bd3 c2 35. Qb8+ Bc8 0-1

[Event "SWE Cup"]
[Site "Sweden"]
[Date "2017.03.24"]
[Round "7.1"]
[White "Rorvall, Goran"]
[Black "Rydstrom, Tom"]
[Result "1/2-1/2"]
[WhiteElo "2162"]
[BlackElo "2307"]
[PlyCount "168"]
[EventDate "2017.01.14"]
[EventType "team-tourn"]
[EventRounds "9"]
[EventCountry "SWE"]
[SourceTitle "EXT 2018"]
[Source "ChessBase"]
[SourceDate "2017.10.13"]
[SourceVersion "1"]
[SourceVersionDate "2017.10.13"]
[SourceQuality "1"]
[WhiteTeam "Horndal"]
[BlackTeam "Vaxjo"]
[WhiteTeamCountry "SWE"]
[BlackTeamCountry "SWE"]

1. e4 e5 2. Nf3 Nc6 3. Bb5 a6 4. Ba4 Nf6 5. 0-0 Bc5 6. d3 b5 7. Bb3 d6 8. Nc3 Bg4 9. Ne2 Bb6 10. c3 h6 11. Ng3 Rb8 12. h3 Bd7 13. Be3 Ne7 14. Bxb6 Rxb6 15. Nh4 g5 16. Nhf5 Ng6 17. d4 Nf4 18. Ng7+ Kf8 19. N7h5 N6xh5 20. Nxh5 Nxh5 21. Qxh5 Qf6 22. Rad1 Be6 23. Bxe6 Qxe6 24. d5 Qf6 25. Rd3 Kg7 26. Rf3 Qg6 27. Qg4 f6 28. h4 Rbb8 29. h5 Qf7 30. Rf5 Qe7 31. Qe2 Rhd8 32. Rc1 c6 33. dxc6 Rb6 34. Rd1 Rxc6 35. Rf3 Qf7 36. Rfd3 Qxa2 37. Rd5 Rd7 38. Qg4 Rf7 39. Qf5 Qxb2 40. Qg6+ Kf8 41. Qxh6+ Ke7 42. Qg6 b4 43. cxb4 Qxb4 44. Qf5 Qb8 45. Qf3 Rh7 46. R5d3 Qc8 47. g4 Rf7 48. Kg2 Rf8 49. Rb3 Qd7 50. Rdb1 Rfc8 51. Rb7 R6c7 52. Rxc7 Rxc7 53. Qd1 Qc6 54. Qf3 Qd7 55. h6 Kf7 56. h7 Rc8 57. Kg3 Kg7 58. Qd3 Qc6 59. Rh1 Rh8 60. Ra1 Ra8 61. Rh1 Rh8 62. Ra1 Kxh7 63. Rxa6 Qc1 64. Qf3 Qg1+ 65. Qg2 Qxg2+ 66. Kxg2 Rd8 67. Ra5 Kg6 68. Kf3 Kf7 69. Rd5 Ke6 70. Kg3 Rc8 71. Kf3 Rc3+ 72. Ke2 Rc5 73. Rd3 d5 74. exd5+ Rxd5 75. Ra3 e4 76. Ke3 Ke5 77. f3 exf3 78. Kxf3 f5 79. gxf5 Kxf5 80. Kg3 Rb5 81. Rf3+ Kg6 82. Ra3 Rc5 83. Rb3 Rd5 84. Ra3 Rc5 1/2-1/2

[Event "SWE-chT2 1617"]
[Site "Sweden"]
[Date "2016.10.14"]
[Round "1.2"]
[White "Rorvall, Goran"]
[Black "Hamark, Jesper"]
[Result "1/2-1/2"]
[WhiteElo "2162"]
[BlackElo "2288"]
[PlyCount "108"]
[EventDate "2016.10.14"]
[EventType "team-tourn"]
[EventRounds "9"]
[EventCountry "SWE"]
[SourceTitle "EXT 2017"]
[Source "ChessBase"]
[SourceDate "2016.10.25"]
[SourceVersion "1"]
[SourceVersionDate "2016.10.25"]
[SourceQuality "1"]
[WhiteTeam "Horndal"]
[BlackTeam "Kamraterna"]
[WhiteTeamCountry "SWE"]
[BlackTeamCountry "SWE"]

1. e4 d5 2. exd5 Nf6 3. d4 Bg4 4. Be2 Bxe2 5. Nxe2 Qxd5 6. 0-0 Nc6 7. c3 e5 8. dxe5 Nxe5 9. Qxd5 Nxd5 10. Nd4 0-0-0 11. Bg5 Be7 12. Bxe7 Nxe7 13. Na3 c5 14. Nb3 b6 15. Rad1 N7c6 16. h3 a6 17. f4 Nd3 18. Rd2 b5 19. c4 b4 20. Nb1 Rd7 21. Nc1 Nxc1 22. Rxc1 Re8 23. Rxd7 Kxd7 24. Kf2 Re4 25. g3 Nd4 26. Re1 Rxe1 27. Kxe1 Nf5 28. Kf2 Nd6 29. Nd2 Kc6 30. Kf3 a5 31. g4 a4 32. b3 a3 33. Ke3 f5 34. Kd3 g6 35. g5 Kd7 36. Ke3 Ke7 37. Kf3 Ke6 38. Ke3 Nb7 39. Kd3 Nd8 40. Nf1 Nc6 41. Nd2 Nd4 42. Ke3 Nc2+ 43. Kf2 Nd4 44. Ke3 Ke7 45. Kd3 Kf8 46. Ke3 Kg7 47. Kd3 Ne6 48. Ke3 Nd4 49. Kd3 h6 50. h4 Kh7 51. Ke3 Kg8 52. Kd3 Kg7 53. Ke3 Nc2+ 54. Ke2 Nd4+ 1/2-1/2

[Event "SWE-chT2 1011"]
[Site "Sweden"]
[Date "2011.03.13"]
[Round "9"]
[White "Andersson, Bjorn2222"]
[Black "Rorvall, Goran"]
[Result "0-1"]
[WhiteElo "2289"]
[BlackElo "2259"]
[PlyCount "120"]
[EventDate "2010.10.23"]
[EventType "team-tourn"]
[EventRounds "9"]
[EventCountry "SWE"]
[SourceTitle "EXT 2012"]
[Source "ChessBase"]
[SourceDate "2011.11.24"]
[SourceVersion "1"]
[SourceVersionDate "2011.11.24"]
[SourceQuality "1"]
[WhiteTeam "Burgsvik Alva"]
[BlackTeam "Horndal"]
[WhiteTeamCountry "SWE"]
[BlackTeamCountry "SWE"]

1. e4 d6 2. d4 Nf6 3. Nc3 g6 4. h4 c6 5. Be2 Qa5 6. Bf3 h5 7. Bg5 Bg7 8. Qd2 Nbd7 9. 0-0-0 0-0 10. Kb1 Kh7 11. Nge2 Nb6 12. Rdg1 Nc4 13. Qc1 e5 14. d5 cxd5 15. exd5 Qb4 16. Bxf6 Bxf6 17. Ne4 Be7 18. c3 Qb6 19. g4 hxg4 20. Bxg4 f5 21. Ng5+ Bxg5 22. hxg5+ Kg7 23. Bh3 Qxf2 24. Rg2 Qe3 25. Qc2 Rh8 26. Rgh2 Qe4 27. Qxe4 Nd2+ 28. Kc2 Nxe4 29. b4 Nxg5 30. Bg2 Rxh2 31. Rxh2 f4 32. Bh1 Bf5+ 33. Kd2 Rc8 34. Rf2 Ne4+ 35. Bxe4 Bxe4 36. Nxf4 exf4 37. Rxf4 Bxd5 38. Rd4 Bxa2 39. Rxd6 Rc7 40. b5 Bc4 41. b6 axb6 42. Rxb6 Rd7+ 43. Ke3 g5 44. Kf3 Ba6 45. Ke4 Rc7 46. Rb3 Kf6 47. Rb6+ Rc6 48. Rb3 Rc4+ 49. Kf3 Kf5 50. Kg3 g4 51. Ra3 Rc5 52. Rb3 b5 53. Ra3 Bc8 54. Rb3 Be6 55. Ra3 Bd5 56. Kf2 Kf4 57. Kg1 g3 58. Kf1 Bf3 59. Ra7 Rxc3 60. Ke1 Rc1+ 0-1

[Event "SWE-chT2 1011"]
[Site "Sweden"]
[Date "2011.03.12"]
[Round "8"]
[White "Rorvall, Goran"]
[Black "Laksman, Efraim"]
[Result "0-1"]
[WhiteElo "2259"]
[BlackElo "2186"]
[PlyCount "68"]
[EventDate "2010.10.23"]
[EventType "team-tourn"]
[EventRounds "9"]
[EventCountry "SWE"]
[SourceTitle "EXT 2012"]
[Source "ChessBase"]
[SourceDate "2011.11.24"]
[SourceVersion "1"]
[SourceVersionDate "2011.11.24"]
[SourceQuality "1"]
[WhiteTeam "Horndal"]
[BlackTeam "Rodeby"]
[WhiteTeamCountry "SWE"]
[BlackTeamCountry "SWE"]

1. e4 c5 2. Nf3 Nc6 3. b3 d6 4. Bb2 e5 5. g3 Be7 6. Bg2 h5 7. h4 Bg4 8. c3 d5 9. d3 d4 10. cxd4 cxd4 11. 0-0 g5 12. hxg5 Bxg5 13. Qe1 Be7 14. Ba3 Bf6 15. Nbd2 h4 16. gxh4 Bxf3 17. Nxf3 Qd7 18. Rc1 Nge7 19. Ng5 Bxg5 20. hxg5 Ng6 21. f4 Nxf4 22. Rxf4 exf4 23. Qf2 Qg4 24. Rxc6 f3 25. Rc7 Qxg2+ 26. Qxg2 fxg2 27. Re7+ Kf8 28. Rxb7+ Kg7 29. Bb2 Rh3 30. Bxd4+ Kg6 31. Kxg2 Rxd3 32. Bf6 Rc8 33. Kf1 Rc2 34. Ke1 Rh3 0-1

[Event "SWE-chT2 1011"]
[Site "Sweden"]
[Date "2011.03.11"]
[Round "7"]
[White "Rorvall, Goran"]
[Black "Bende, Tobias"]
[Result "1-0"]
[WhiteElo "2259"]
[BlackElo "2174"]
[PlyCount "61"]
[EventDate "2010.10.23"]
[EventType "team-tourn"]
[EventRounds "9"]
[EventCountry "SWE"]
[SourceTitle "EXT 2012"]
[Source "ChessBase"]
[SourceDate "2011.11.24"]
[SourceVersion "1"]
[SourceVersionDate "2011.11.24"]
[SourceQuality "1"]
[WhiteTeam "Horndal"]
[BlackTeam "Majorna"]
[WhiteTeamCountry "SWE"]
[BlackTeamCountry "SWE"]

1. e4 e5 2. Nf3 Nc6 3. Bb5 a6 4. Ba4 Nf6 5. 0-0 Be7 6. d4 b5 7. dxe5 Nxe4 8. Bb3 0-0 9. c3 Nc5 10. Bc2 d6 11. b4 Ne6 12. Qd3 g6 13. Bh6 Re8 14. a4 Rb8 15. axb5 axb5 16. exd6 Bxd6 17. Rd1 Qf6 18. Nbd2 Nf4 19. Ne4 Qe7 20. Qf1 Ne6 21. Nxd6 cxd6 22. Qd3 Ne5 23. Nxe5 dxe5 24. Qe3 Qf6 25. Bb3 e4 26. Ra7 Qe5 27. f4 Qf6 28. Bg5 Qg7 29. Be7 Bb7 30. Bd6 Rbd8 31. Rxb7 1-0

[Event "SWE-chT2 1011"]
[Site "Sweden"]
[Date "2010.12.04"]
[Round "3"]
[White "Rorvall, Goran"]
[Black "Abdollahzadeh, Arash"]
[Result "0-1"]
[WhiteElo "2259"]
[BlackElo "2150"]
[PlyCount "70"]
[EventDate "2010.10.23"]
[EventType "team-tourn"]
[EventRounds "9"]
[EventCountry "SWE"]
[SourceTitle "EXT 2012"]
[Source "ChessBase"]
[SourceDate "2011.11.24"]
[SourceVersion "1"]
[SourceVersionDate "2011.11.24"]
[SourceQuality "1"]
[WhiteTeam "Horndal"]
[BlackTeam "Mark"]
[WhiteTeamCountry "SWE"]
[BlackTeamCountry "SWE"]

1. e4 c5 2. Nf3 e6 3. b3 d6 4. Bb2 Nf6 5. e5 dxe5 6. Nxe5 Nbd7 7. Bb5 Bd6 8. Nxd7 Bxd7 9. Bxd7+ Qxd7 10. Qf3 e5 11. Nc3 0-0-0 12. 0-0-0 Rhe8 13. d3 Qg4 14. Qxg4+ Nxg4 15. Ne4 f5 16. Nxd6+ Rxd6 17. Rd2 Rde6 18. h3 Nh6 19. Re1 Nf7 20. Rde2 g5 21. g4 f4 22. Re4 Kd7 23. Ra4 a6 24. Rc4 b6 25. Rce4 Kd6 26. a4 Kd5 27. Kd2 Rh6 28. d4 cxd4 29. Bxd4 Rxh3 30. Bxb6 Nd6 31. Rb4 e4 32. c4+ Kc6 33. Kc2 Rh2 34. Kc3 e3 35. fxe3 Ne4+ 0-1

[Event "SWE-chT2 0910"]
[Site "Sweden"]
[Date "2010.02.27"]
[Round "6"]
[White "Rorvall, Goran"]
[Black "Ziegler, Ari"]
[Result "0-1"]
[WhiteElo "2263"]
[BlackElo "2338"]
[PlyCount "102"]
[EventDate "2009.10.24"]
[EventType "team"]
[EventRounds "9"]
[EventCountry "SWE"]
[SourceTitle "EXT 2011"]
[Source "ChessBase"]
[SourceDate "2010.11.26"]
[SourceVersion "1"]
[SourceVersionDate "2010.11.26"]
[SourceQuality "1"]
[WhiteTeam "Horndal"]
[BlackTeam "Orgryte"]
[WhiteTeamCountry "SWE"]
[BlackTeamCountry "SWE"]

1. e4 c5 2. Nf3 d6 3. Bb5+ Nd7 4. 0-0 Ngf6 5. Re1 a6 6. Bf1 b6 7. d4 cxd4 8. Qxd4 Bb7 9. e5 dxe5 10. Nxe5 e6 11. Nxd7 Nxd7 12. Bf4 Qf6 13. Qxf6 Nxf6 14. Nc3 Rc8 15. a3 b5 16. Red1 Bc5 17. Bd6 Bxd6 18. Rxd6 Ke7 19. Rad1 Rxc3 20. bxc3 Nd5 21. R1xd5 exd5 22. Rb6 Rb8 23. a4 bxa4 24. f4 a3 25. Rb3 a2 26. Ra3 d4 27. Rxa2 dxc3 28. Ra3 Rc8 29. Bd3 Rc5 30. Kf2 a5 31. g3 f5 32. Ke3 Kd6 33. Kd4 g6 34. Rxc3 Rxc3 35. Kxc3 Kc5 36. Kb3 Bc6 37. c3 Bb5 38. Bc2 Bd7 39. Bd3 Bc6 40. Be2 Bb5 41. Bd1 Bd3 42. Ka4 Kc4 43. Bb3+ Kxc3 44. Bg8 h6 45. h4 Kd4 46. Kxa5 Ke3 47. Kb4 Kf3 48. Kc3 Be4 49. Kd4 Kxg3 50. h5 gxh5 51. Ke3 h4 0-1

[Event "Avesta op"]
[Site "Avesta"]
[Date "1993.??.??"]
[Round "?"]
[White "Rorvall, Goran"]
[Black "Barkhagen, Jonas"]
[Result "1-0"]
[WhiteElo "2320"]
[BlackElo "2410"]
[PlyCount "39"]
[EventDate "1993.??.??"]
[EventType "swiss"]
[EventRounds "9"]
[EventCountry "SWE"]
[SourceTitle "EXT 1999"]
[Source "ChessBase"]
[SourceDate "1998.11.16"]
[SourceVersion "1"]
[SourceVersionDate "1998.11.16"]
[SourceQuality "1"]

1. e4 c5 2. Nf3 e6 3. b3 d5 4. exd5 exd5 5. Bb2 Nf6 6. d4 Be7 7. Bd3 Bg4 8. dxc5 0-0 9. h3 Bh5 10. 0-0 Bxc5 11. Nbd2 Nc6 12. a3 a6 13. c4 dxc4 14. Nxc4 b5 15. Nce5 Nxe5 16. Bxe5 Re8 17. g4 Bg6 18. Bxg6 hxg6 19. Qxd8 Raxd8 20. Rad1 1-0

[Event "SWE-ch"]
[Site "Karlskrona"]
[Date "1983.??.??"]
[Round "?"]
[White "Rorvall, Goran"]
[Black "Schussler, Harry"]
[Result "1/2-1/2"]
[WhiteElo "2350"]
[BlackElo "2485"]
[PlyCount "50"]
[EventDate "1983.07.??"]
[EventType "tourn"]
[EventRounds "15"]
[EventCountry "SWE"]
[EventCategory "2"]
[SourceTitle "MCD"]
[Source "ChessBase"]
[SourceDate "1999.07.01"]
[SourceVersion "1"]
[SourceVersionDate "1999.07.01"]
[SourceQuality "1"]

1. e4 c5 2. Nf3 e6 3. b3 d6 4. Bb2 Nf6 5. Bb5+ Bd7 6. Bxd7+ Nbxd7 7. Qe2 Be7 8. 0-0 0-0 9. d3 Qc7 10. Nbd2 b5 11. e5 dxe5 12. Nxe5 Nxe5 13. Bxe5 Qc6 14. a4 a6 15. Qf3 Qxf3 16. Nxf3 Nd5 17. axb5 axb5 18. Rxa8 Rxa8 19. Ra1 Rxa1+ 20. Bxa1 Nb4 21. c4 bxc4 22. dxc4 Nd3 23. Kf1 f5 24. Ne5 Nc1 25. Nc6 Bd6 1/2-1/2

[Event "SWE-ch"]
[Site "Degerfors"]
[Date "1978.??.??"]
[Round "?"]
[White "Karlsson, Lars"]
[Black "Rorvall, Goran"]
[Result "1/2-1/2"]
[WhiteElo "2360"]
[BlackElo "2350"]
[PlyCount "80"]
[EventDate "1978.07.??"]
[EventType "tourn"]
[EventRounds "15"]
[EventCountry "SWE"]
[EventCategory "4"]
[SourceTitle "MCD"]
[Source "ChessBase"]
[SourceDate "1999.07.01"]
[SourceVersion "1"]
[SourceVersionDate "1999.07.01"]
[SourceQuality "1"]

1. Nf3 g6 2. c4 Bg7 3. Nc3 c5 4. e3 Nf6 5. Be2 0-0 6. 0-0 d5 7. d4 Qa5 8. Bd2 dxc4 9. Na4 Qc7 10. Rc1 b5 11. Nxc5 Nbd7 12. Nxd7 Bxd7 13. b3 Be6 14. bxc4 bxc4 15. Bxc4 Bxc4 16. Ne5 Rac8 17. Rxc4 Qb7 18. Qb3 Qxb3 19. axb3 Rxc4 20. bxc4 Ne4 21. Nf3 Rb8 22. c5 e5 23. Ba5 exd4 24. exd4 Rb5 25. Bc7 a5 26. c6 Bf8 27. Be5 Nd6 28. Nd2 Nc8 29. Ne4 f5 30. Nc3 Rb2 31. c7 Kf7 32. d5 Bd6 33. f4 Rb7 34. Ra1 Bxc7 35. Kf1 Nd6 36. g3 Nc4 37. Re1 Bd6 38. Bxd6 Nxd6 39. Re6 Rd7 40. Kf2 a4 1/2-1/2

[Event "SWE-ch"]
[Site "Degerfors"]
[Date "1978.??.??"]
[Round "?"]
[White "Renman, Nils Gustaf"]
[Black "Rorvall, Goran"]
[Result "1-0"]
[WhiteElo "2400"]
[BlackElo "2350"]
[PlyCount "107"]
[EventDate "1978.07.??"]
[EventType "tourn"]
[EventRounds "15"]
[EventCountry "SWE"]
[EventCategory "4"]
[SourceTitle "MCD"]
[Source "ChessBase"]
[SourceDate "1999.07.01"]
[SourceVersion "1"]
[SourceVersionDate "1999.07.01"]
[SourceQuality "1"]

1. Nf3 c5 2. c4 Nc6 3. Nc3 e6 4. g3 Nf6 5. Bg2 d5 6. cxd5 exd5 7. d4 Be7 8. 0-0 0-0 9. b3 Re8 10. Bb2 Bf5 11. dxc5 Bxc5 12. Rc1 Bf8 13. Nb5 Qa5 14. Nfd4 Nxd4 15. Nxd4 Be4 16. f3 Bg6 17. a3 Rac8 18. Rxc8 Rxc8 19. Bh3 Re8 20. b4 Qb6 21. Qd2 Re7 22. Rc1 Rc7 23. Rxc7 Qxc7 24. Qc3 Qxc3 25. Bxc3 Ne8 26. Kf2 Nd6 27. a4 Be7 28. Bd7 Kf8 29. a5 Bf6 30. Ba4 Nf5 31. Nb5 a6 32. Bxf6 axb5 33. Bxb5 gxf6 34. Bc6 Ke7 35. Bxb7 Kd6 36. b5 Kc7 37. Bxd5 Ne7 38. Bb3 Bf5 39. Bxf7 Bc8 40. Ke3 Nf5+ 41. Kf4 Kb8 42. Bc4 Nd6 43. Bd3 h6 44. e4 Nf7 45. Ke3 Be6 46. f4 Nd8 47. Kd4 Bg4 48. Bc4 Nb7 49. a6 Nd6 50. b6 Nxc4 51. a7+ Kb7 52. Kxc4 Bf3 53. Kd4 Bg2 54. f5 1-0

[Event "SWE-ch"]
[Site "Degerfors"]
[Date "1978.??.??"]
[Round "?"]
[White "Rorvall, Goran"]
[Black "Cramling, Dan"]
[Result "0-1"]
[WhiteElo "2350"]
[BlackElo "2355"]
[PlyCount "54"]
[EventDate "1978.07.??"]
[EventType "tourn"]
[EventRounds "15"]
[EventCountry "SWE"]
[EventCategory "4"]
[SourceTitle "MCD"]
[Source "ChessBase"]
[SourceDate "1999.07.01"]
[SourceVersion "1"]
[SourceVersionDate "1999.07.01"]
[SourceQuality "1"]

1. e4 c5 2. Nf3 Nc6 3. d4 cxd4 4. Nxd4 Nf6 5. Nc3 e5 6. Ndb5 d6 7. Nd5 Nxd5 8. exd5 Nb8 9. c4 a6 10. Nc3 Be7 11. Be2 0-0 12. 0-0 Nd7 13. Be3 f5 14. f3 Nf6 15. b4 Nh5 16. Qb3 Rf6 17. c5 Rg6 18. f4 Nxf4 19. Bxf4 exf4 20. Rxf4 Bf6 21. c6 Be5 22. Rf3 Qh4 23. g3 f4 24. Raf1 Bd4+ 25. R1f2 Bxf2+ 26. Kxf2 Qxh2+ 27. Ke1 fxg3 0-1

[Event "SWE-ch"]
[Site "Degerfors"]
[Date "1978.??.??"]
[Round "?"]
[White "Rorvall, Goran"]
[Black "Wedberg, Tom"]
[Result "1/2-1/2"]
[WhiteElo "2350"]
[BlackElo "2360"]
[PlyCount "81"]
[EventDate "1978.07.??"]
[EventType "tourn"]
[EventRounds "15"]
[EventCountry "SWE"]
[EventCategory "4"]
[SourceTitle "MCD"]
[Source "ChessBase"]
[SourceDate "1999.07.01"]
[SourceVersion "1"]
[SourceVersionDate "1999.07.01"]
[SourceQuality "1"]

1. e4 e5 2. Nf3 Nc6 3. Bb5 a6 4. Ba4 d6 5. Bxc6+ bxc6 6. d4 exd4 7. Nxd4 Bd7 8. 0-0 g6 9. Bd2 Bg7 10. Bc3 Nf6 11. Nd2 c5 12. Ne2 0-0 13. Ng3 h5 14. Re1 Re8 15. Ngf1 Bc6 16. f3 Re6 17. Nc4 Qe7 18. Na5 Bd7 19. Qd2 Re8 20. Qf2 c6 21. Rad1 d5 22. e5 Nh7 23. f4 d4 24. Bd2 f6 25. Nc4 fxe5 26. fxe5 Bxe5 27. Nxe5 Rxe5 28. Qg3 Qf6 29. Qd3 Bg4 30. Rxe5 Rxe5 31. Re1 Rxe1 32. Bxe1 Qe6 33. Qg3 Bf5 34. Bd2 Nf6 35. Qb8+ Qc8 36. Qe5 Ne4 37. Bh6 Qd7 38. Nd2 Nxd2 39. Bxd2 Bxc2 40. Qxc5 Bd3 41. Bf4 1/2-1/2

[Event "SWE-ch"]
[Site "Degerfors"]
[Date "1978.??.??"]
[Round "?"]
[White "Schussler, Harry"]
[Black "Rorvall, Goran"]
[Result "1-0"]
[WhiteElo "2365"]
[BlackElo "2350"]
[PlyCount "59"]
[EventDate "1978.07.??"]
[EventType "tourn"]
[EventRounds "15"]
[EventCountry "SWE"]
[EventCategory "4"]
[SourceTitle "MCD"]
[Source "ChessBase"]
[SourceDate "1999.07.01"]
[SourceVersion "1"]
[SourceVersionDate "1999.07.01"]
[SourceQuality "1"]

1. e4 c5 2. Nf3 e6 3. b3 Nf6 4. e5 Nd5 5. Bb2 Be7 6. c4 Nb4 7. Be2 0-0 8. d4 cxd4 9. Nxd4 d6 10. exd6 Qxd6 11. 0-0 Bf6 12. a3 N4a6 13. Ra2 Qe7 14. Nb5 Bxb2 15. Rxb2 Nc5 16. b4 a6 17. Nd6 Ncd7 18. Nc3 Nc6 19. Rd2 Nf6 20. c5 e5 21. Bc4 Rb8 22. Re1 Be6 23. f4 exf4 24. Nxf7 Bxc4 25. Rxe7 Nxe7 26. Nd6 Bf7 27. Nxf7 Kxf7 28. Qb3+ Kg6 29. Ne2 Kh6 30. Nxf4 1-0

[Event "Rilton Cup-07 1977/78"]
[Site "Stockholm"]
[Date "1977.12.31"]
[Round "5"]
[White "Marszalek, Rafal"]
[Black "Rorvall, Goran"]
[Result "0-1"]
[WhiteElo "2335"]
[BlackElo "2410"]
[PlyCount "73"]
[EventDate "1977.12.27"]
[EventType "swiss"]
[EventRounds "9"]
[EventCountry "SWE"]
[SourceTitle "EXT 2018"]
[Source "ChessBase"]
[SourceDate "2017.10.13"]
[SourceVersion "1"]
[SourceVersionDate "2017.10.13"]
[SourceQuality "1"]

1. d4 Nf6 2. c4 e6 3. g3 c5 4. Nf3 cxd4 5. Nxd4 Nc6 6. Bg2 Be7 7. Nc3 a6 8. 0-0 0-0 9. b3 Qc7 10. Bb2 d6 11. Rc1 Nxd4 12. Qxd4 Bd7 13. Rfd1 Rfd8 14. a4 Rac8 15. Ba3 Be8 16. Qe3 Bf8 17. Bb4 Ng4 18. Qf3 Qb6 19. Na2 a5 20. Be1 Ne5 21. Qxb7 Qc5 22. Qa6 Qa3 23. Bxa5 Qxa2 24. Bxd8 Rxd8 25. Qb6 Rc8 26. Qb7 Rc5 27. Qb8 Bc6 28. Rxd6 Bxg2 29. Rd8 Ng6 30. Kxg2 Qxe2 31. Qb6 Rh5 32. Qd4 e5 33. Qd3 Qg4 34. Qd7 Rf5 35. Qd1 Qg5 36. Kh1 Rxf2 37. Rxf8+ 0-1